Directory of Malaysian oil palm fresh fruit dealers.

Bibliographic Details
Corporate Author: Malaysian Palm Oil Board (MPOB)
Format: Book
Published: Kelana Jaya: MPOB, 2013.
Subjects:
LEADER 00551cam a2200157 7i4500
001 0000032385
005 20150415090000.0
020 0 0 |a 9679611960  
090 0 0 |a M 633.851025   |b MAL 
110 2 0 |a Malaysian Palm Oil Board (MPOB) 
245 1 0 |a Directory of Malaysian oil palm fresh fruit dealers. 
260 0 0 |a Kelana Jaya:   |b MPOB,   |c 2013. 
300 # # |a 161 p. 
650 0 0 |a Oil palm --   |x Directories --   |y 2013 --   |z Malaysia  
999 |a 0000035506  |b Directories  |c Malaysia  |e Business Information Centre 
999 |a 0000035505  |b Directories  |c Malaysia  |e Business Information Centre